| 000 | 01518nam a2200229Ia 4500 | ||
|---|---|---|---|
| 003 | Ost | ||
| 005 | 20260507075319.0 | ||
| 008 | 260507s9999||||xx |||||||||||||| ||und|| | ||
| 020 | _a9789957524340 | ||
| 040 | _cfsecg | ||
| 041 | _aara | ||
| 082 | _a657.9 | ||
| 100 |
_aالسعيد، معتز أمين _eمؤلف |
||
| 245 | 0 |
_aمحاسبة الشركات / _c معتز أمين السعيد |
|
| 260 |
_aعمان: _bدار الاعصار العلمي, _c2012 |
||
| 300 |
_a362 صفحة؛ _bإيضاحات ؛ _c25 سم |
||
| 520 | _aشركات الأموال أو شركة المساهمة، الاندماج أو السيطرة بين الشركات، إعداد قائمة المركز المالي الموحدة في تاريخ لاحق لتاريخ الشراء، العمليات المتبادلة بين الشريكتين القابضة و التابعة، عمليات الاقراض بين شركة المجموعة الاقتصادية من خلال إصدار السندات، المحاسبة عن العملات الأجنبية، عقود الصرف الآجلة، القوائم المالية المجمعة أو الموحدة عن الفروع أو الشركات التابعة الأجنبية، المنحاسبة عن عقود الايجار طويلة الأجل و المحاسبة عن الالتزامات طويلة الأجل | ||
| 653 | _aالشركات الأجنبية | ||
| 653 | _aالشركات- محاسبة | ||
| 653 | _aشركات المساهمة | ||
| 942 | _cكتاب | ||
| 999 |
_c43915 _d43915 |
||